El derecho a exigir nuestros derechos (Registro nro. 1696)
[ vista simple ]
| 000 -CABECERA | |
|---|---|
| Longitud fija campo de control | 00971nam a2200265 i 4500 |
| 005 - • FECHA Y HORA DE LA ÚLTIMA TRANSACCIÓN | |
| Fecha y hora de la última transacción | 20220316235643.0 |
| 008 - • CÓDIGOS DE INFORMACIÓN DE LONGITUD FIJA | |
| Códigos de información de longitud fija | 121119s2002 sp gs 000 0 spa d |
| 020 ## - • NÚMERO INTERNACIONAL NORMALIZADO PARA LIBROS | |
| Número Internacional Normalizado para Libros (ISBN) | 8474265673 |
| 040 ## - FUENTE DE LA CATALOGACIÓN | |
| Centro catalogador de origen | CO-BoRNBP |
| Lengua de catalogación | spa |
| Centro transcriptor | CO-BoRNBP |
| Normas de descripción | rda |
| 041 0# - • CÓDIGO DE LENGUA | |
| Código de lengua del texto/banda sonora o título independiente | spa |
| 082 04 - • NÚMERO DE LA CLASIFICACIÓN DECIMAL DEWEY | |
| Número de clasificación (R) | 323.01 |
| Número del ítem | O17d |
| 110 2# - • PUNTO DE ACCESO PRINCIPAL-NOMBRE DE ENTIDAD CORPORATIVA | |
| Nombre de entidad corporativa o nombre de jurisdicción como elemento inicial | Observatorio de Derechos Humanos DESC |
| 245 13 - • TITULO PROPIAMENTE DICHO | |
| Título | El derecho a exigir nuestros derechos |
| Resto del título | derechos económicos, sociales y culturales en el panorama internacional |
| Mención de responsabilidad, etc. | Observatorio DESC, Terre des Hommes-France |
| 250 ## - • MENCIÓN DE EDICIÓN | |
| Mención de edición | Primera edición |
| 264 #1 - PRODUCCIÓN, PUBLICACIÓN , DISTRIBUCIÓN, FABRICACIÓN Y COPYRIGHT | |
| Lugar de producción, publicación, distribución, fabricación | Barcelona |
| Nombre del productor, editor, distribuidor, fabricante | Icaria |
| Fecha de de producción, publicación, distribución, fabricación o copyright | 2002 |
| 300 ## - • DESCRIPCIÓN FÍSICA | |
| Extensión | 358 páginas |
| Dimensiones | 22 cm |
| 336 ## - TIPO DE CONTENIDO | |
| Término de tipo de contenido | texto |
| Código de tipo de contenido | txt |
| Fuente | rdacontent |
| 337 ## - TIPO DE MEDIO | |
| Nombre del tipo de medio | sin mediación |
| Código del tipo de medio | n |
| Fuente | rdamedia |
| 338 ## - TIPO DE SOPORTE | |
| Nombre del tipo de soporte | volumen |
| Código del tipo de soporte | nc |
| Fuente | rdacarrier |
| 490 ## - • MENCIÓN DE SERIE | |
| Mención de serie | Icaria antrazit : relaciones Norte-Sur |
| 650 14 - • PUNTO DE ACCESO ADICIONAL DE MATERIA - TÉRMINO DE MATERIA | |
| Término de materia o nombre geográfico como elemento inicial | Derechos civiles |
| Subdivisión geográfica | América Latina |
| Fuente del encabezamiento o término | LEMB |
| 650 14 - • PUNTO DE ACCESO ADICIONAL DE MATERIA - TÉRMINO DE MATERIA | |
| Término de materia o nombre geográfico como elemento inicial | Derechos humanos |
| Subdivisión geográfica | América Latina |
| Fuente del encabezamiento o término | LEMB |
| 650 14 - • PUNTO DE ACCESO ADICIONAL DE MATERIA - TÉRMINO DE MATERIA | |
| Término de materia o nombre geográfico como elemento inicial | Política social |
| Subdivisión geográfica | América Latina |
| Fuente del encabezamiento o término | LEMB |
| 942 ## - ENTRADA DE ELEMENTOS AGREGADOS (KOHA) | |
| Fuente de clasificaión o esquema | Dewey Decimal Classification |
| Koha [por defecto] tipo de item | LIbro |
| Perdido | Fuente de clasificación o esquema | Estado Físico | No para préstamo | Forma de adquisición | Localización permanente | Localización actual | Localización en estanterías | Fecha adquisición | Préstamos totales | Signatura completa | Código de barras | Fecha última consulta | Número de copia | Fecha del precio de reemplazo | Tipo de item de Koha |
|---|---|---|---|---|---|---|---|---|---|---|---|---|---|---|---|
| Dewey Decimal Classification | Colección General | Biblioteca Pública Cubarral | Biblioteca Pública Cubarral | General | 08/04/2023 | 323.01 O17d | CUB02261 | 08/04/2023 | Ej.1 | 08/04/2023 | LIbro | ||||
| Dewey Decimal Classification | Colección General | Biblioteca Pública Dorado | Biblioteca Pública Dorado | General | 12/20/2022 | 323.01 O17d | DOR00241 | 12/20/2022 | Ej.1 | 12/20/2022 | LIbro | ||||
| Dewey Decimal Classification | Colección General | Biblioteca Pública Fuentedeoro - Henry Llanos García | Biblioteca Pública Fuentedeoro - Henry Llanos García | General | 05/02/2023 | 323.01 O17b | Fo00224 | 05/02/2023 | Ej.1 | 05/02/2023 | LIbro | ||||
| Dewey Decimal Classification | Colección General | Biblioteca Pública José Eustasio Rivera - San Martin | Biblioteca Pública José Eustasio Rivera - San Martin | General | 04/19/2023 | 323.01 O17b | SM001079 | 04/19/2023 | Ej.1 | 04/19/2023 | LIbro | ||||
| Dewey Decimal Classification | Colección General | Biblioteca Pública Lejanias | Biblioteca Pública Lejanias | General | 06/23/2023 | 323.01 017d | LEJ00227 | 06/23/2023 | Ej.1 | 06/23/2023 | LIbro | ||||
| Dewey Decimal Classification | Colección General | Biblioteca Pública San Carlos de Guaroa - Eduardo Carranza | Biblioteca Pública San Carlos de Guaroa - Eduardo Carranza | General | 03/14/2025 | 323.01 O17d | SG02743 | 03/14/2025 | Ej.1 | 03/14/2025 | LIbro | ||||
| Dewey Decimal Classification | Colección General | Biblioteca Pública El Castillo - Alfonso Meneses | Biblioteca Pública El Castillo - Alfonso Meneses | General | 05/08/2023 | 323.01 O17d | EC00559 | 05/08/2023 | Ej.1 | 05/08/2023 | LIbro | ||||
| Dewey Decimal Classification | Colección General | Biblioteca Pública Acacias - Carlos María Hernández Rojas | Biblioteca Pública Acacias - Carlos María Hernández Rojas | General | 04/28/2025 | 323.01 O17d | ACA02430 | 04/28/2025 | Ej.1 | 04/28/2025 | LIbro | ||||
| Dewey Decimal Classification | Colección General | Biblioteca Pública Guamal | Biblioteca Pública Guamal | General | 03/13/2023 | 323.01 O17d | GUA002194 | 03/13/2023 | Ej.1 | 03/13/2023 | LIbro | ||||
| Dewey Decimal Classification | Colección General | Biblioteca Pública La Macarena | Biblioteca Pública La Macarena | General | 07/24/2025 | 323.01 O17d | LM02810 | 07/24/2025 | Ej.1 | 07/24/2025 | LIbro | ||||
| Dewey Decimal Classification | Colección General | Biblioteca Pública San Juan de Arama - Concepción de Arama | Biblioteca Pública San Juan de Arama - Concepción de Arama | General | 06/30/2023 | 323 01 017D | SJA00462 | 06/30/2023 | Ej.1 | 06/30/2023 | LIbro | ||||
| Dewey Decimal Classification | Colección General | Biblioteca Pública Vistahermosa | Biblioteca Pública Vistahermosa | General | 07/14/2023 | 323.01 O17d | VIS00255 | 07/14/2023 | Ej.1 | 07/14/2023 | LIbro |